Papeles de don Luis Araquistain Quevedo / (Record no. 12436)
[ view plain ]
| 000 -LEADER | |
|---|---|
| campo de control de longitud fija | 01040nam a22002415i 4500 |
| 001 - NÚMERO DE CONTROL | |
| campo de control | 12436 |
| 003 - IDENTIFICADOR DE NÚMERO DE CONTROL | |
| campo de control | ES-MaACL |
| 005 - FECHA Y HORA DE LA ÚLTIMA TRANSACCIÓN | |
| campo de control | 20230906150318.0 |
| 007 - CAMPO FIJO DE DESCRIPCIÓN FÍSICA--INFORMACIÓN GENERAL | |
| campo de control de longitud fija | t| |
| 008 - DATOS DE LONGITUD FIJA--INFORMACIÓN GENERAL | |
| campo de control de longitud fija | 950322s1983 sp ||||0| spa j |
| 020 ## - NÚMERO INTERNACIONAL ESTÁNDAR DEL LIBRO | |
| Número Internacional Estándar del Libro | 84-500-9480-1 |
| 040 ## - FUENTE DE CATALOGACIÓN | |
| Centro catalogador/agencia de origen | M-BN |
| Lengua de catalogación | spa |
| Centro/agencia transcriptor | M-BN |
| 080 ## - NÚMERO DE LA CLASIFICACIÓN DECIMAL UNIVERSAL | |
| Número de la Clasificación Decimal Universal | 930.255(460.27 M.) |
| 110 2# - ENTRADA PRINCIPAL--NOMBRE DE ENTIDAD CORPORATIVA | |
| Nombre de entidad corporativa o nombre de jurisdicción como elemento de entrada | Archivo Histórico Nacional (España) |
| 9 (RLIN) | 1450 |
| 245 10 - MENCIÓN DEL TÍTULO | |
| Título | Papeles de don Luis Araquistain Quevedo / |
| Mención de responsabilidad, etc. | ordenados por María Dolores de la Infiesta, Asunción de Navascués y María de la Concepción Sanz ; bajo la dirección de María Teresa de la Peña, con la colaboración de María Angeles Ortega ; prólogo de Javier Tusell. |
| 260 ## - PUBLICACIÓN, DISTRIBUCIÓN, ETC. | |
| Lugar de publicación, distribución, etc. | [Madrid] : |
| Nombre del editor, distribuidor, etc. | Subdirección General de Archivos, |
| Fecha de publicación, distribución, etc. | D.L. 1983. |
| 300 ## - DESCRIPCIÓN FÍSICA | |
| Extensión | 164 p ; |
| Dimensiones | 22 cm. |
| 600 14 - PUNTO DE ACCESO ADICIONAL DE MATERIA--NOMBRE DE PERSONA | |
| Nombre de persona | Araquistáin, Luis, |
| Fechas asociadas al nombre | 1886-1959- |
| Subdivisión general | Archivo- |
| Subdivisión de forma | Catálogos |
| 9 (RLIN) | 22346 |
| 610 27 - PUNTO DE ACCESO ADICIONAL DE MATERIA--NOMBRE DE ENTIDAD CORPORATIVA | |
| Nombre de entidad corporativa o nombre de jurisdicción como elemento de entrada | Archivo Histórico Nacional (España)- |
| Subdivisión de forma | Catálogos. |
| 9 (RLIN) | 1451 |
| 700 1# - ENTRADA AGREGADA--NOMBRE PERSONAL | |
| Nombre de persona | Peña Marazuela, María Teresa de la. |
| 9 (RLIN) | 90269 |
| 852 ## - LOCALIZACIÓN | |
| Ubicación | ES-MaACL |
| Número de control de estantería | L-19736 |
| Sublocalización o colección | R.123395 |
| Estatus retirado | Estado de pérdida | Estado de daño | No para préstamo | Biblioteca de origen | Biblioteca actual | Ubicación en estantería | Fecha de adquisición | Fuente de adquisición | Total de préstamos | Signatura topográfica completa | Código de barras | Visto por última vez | Precio de reemplazo | Tipo de ítem Koha |
|---|---|---|---|---|---|---|---|---|---|---|---|---|---|---|
| Biblioteca del Ateneo de Madrid | Biblioteca del Ateneo de Madrid | Depósito 2 | 17/01/2008 | L-19736 | 1012671 | 23/02/2023 | 23/02/2023 | Libro impreso |
